| 000 | 01411nam a2200361 a 4500 | ||
|---|---|---|---|
| 001 | ebr10535637 | ||
| 003 | CaPaEBR | ||
| 006 | m u | ||
| 007 | cr cn||||||||| | ||
| 008 | 030609s2003 cau sb 001 0 eng d | ||
| 010 | _z 2003055223 | ||
| 020 | _z0520229320 (pbk. alk. paper) | ||
| 020 | _z9780520229327 | ||
| 020 | _z9780520927216 (e-book) | ||
| 040 |
_aCaPaEBR _cCaPaEBR |
||
| 035 | _a(OCoLC)785785308 | ||
| 043 | _an-us--- | ||
| 050 | 1 | 4 |
_aRG518.U5 _bD38 2003eb |
| 082 | 0 | 4 |
_a618.4/01/9 _221 |
| 100 | 1 | _aDavis-Floyd, Robbie. | |
| 245 | 1 | 0 |
_aBirth as an American rite of passage _h[electronic resource] / _cRobbie E. Davis-Floyd. |
| 250 | _a2nd ed., with a new pref. | ||
| 260 |
_aBerkeley, Calif. : _bUniversity of California Press, _c2003. |
||
| 300 | _axlii, 382 p. | ||
| 504 | _aIncludes bibliographical references and index. | ||
| 533 |
_aElectronic reproduction. _bPalo Alto, Calif. : _cebrary, _d2011. _nAvailable via World Wide Web. _nAccess may be limited to ebrary affiliated libraries. |
||
| 650 | 0 |
_aChildbirth _xSocial aspects _zUnited States. |
|
| 650 | 0 |
_aChildbirth _zUnited States _xPsychological aspects. |
|
| 650 | 0 |
_aRites and ceremonies _zUnited States. |
|
| 655 | 7 |
_aElectronic books. _2local |
|
| 710 | 2 | _aebrary, Inc. | |
| 856 | 4 | 0 |
_uhttp://site.ebrary.com/lib/rucke/Doc?id=10535637 _zAn electronic book accessible through the World Wide Web; click to view |
| 999 |
_c133392 _d133392 |
||